000 00548nam a2200193Ia 4500
003 GCL
008 140319s9999 xx 000 0 ara d
040 _aGCL /
_cGCL
082 0 4 _a923.2
_bف س
100 1 _aفتحى رضوان
245 1 0 _aسيرة زاتية /
_cفتحى رضوان
260 _a[S.N] :
_bالهيئة المصرية العامة للكتاب ،
_c1994
300 _a438 ص
490 _a
650 0 4 _aمصر
650 0 4 _aالاحوال السياسية
650 0 4 _aالتراجم الذاتية
942 _2ddc
_cBK
999 _c35043
_d35043